[Event "IX American Continental Classical Championship 201"]
[Site "Hotel Pipa AtlÃ¢ntico - Praia da Pipa - Rio Grande"]
[Date "2014.10.23"]
[Round "8"]
[Board "66"]
[White "Reboucas, Deive Pacheco"]
[Black "Carneiro, Francisco Caninde Sa"]
[Result "0-1"]
[WhiteElo "2008"]
[BlackElo "1887"]
[PlyCount "62"]
[EventDate "2014.10.18"]
[EventRounds "11"]
[EventCountry "BRA"]

1. Nf3 Nc6 2. c4 e6 3. d4 d5 4. e3 Nf6 5. Nc3 Bd6 6. Bd3 O-O 7. a3 Re8 8. e4
dxe4 9. Nxe4 Nxe4 10. Bxe4 e5 11. Bxh7+ Kxh7 12. Ng5+ Kg8 13. d5 Nd4 14. Qh5
Qf6 15. Qh7+ Kf8 16. Ne4 Qg6 17. Qh8+ Ke7 18. Qh4+ Kd7 19. Qh3+ Kd8 20. Qd3
Qxg2 21. Bg5+ f6 22. O-O-O fxg5 23. Nxd6 cxd6 24. Qg6 Qxf2 25. Qxd6+ Bd7 26.
Kb1 Qc2+ 27. Ka2 Qxc4+ 28. Kb1 Qc7 29. Qb4 Bf5+ 30. Ka2 a5 31. Qd2 Qc4+ 0-1

[Event "IX American Continental Classical Championship 201"]
[Site "Hotel Pipa AtlÃ¢ntico - Praia da Pipa - Rio Grande"]
[Date "2014.10.23"]
[Round "8"]
[Board "67"]
[White "Costa, Paulo Sergio"]
[Black "Jorquera Cabello, Valentina"]
[Result "0-1"]
[WhiteElo "1806"]
[BlackElo "2000"]
[PlyCount "56"]
[EventDate "2014.10.18"]
[EventRounds "11"]
[EventCountry "BRA"]

1. e4 c5 2. Nf3 d6 3. Nc3 Nc6 4. Bb5 Bd7 5. d4 cxd4 6. Nxd4 Nf6 7. O-O e5 8.
Nxc6 bxc6 9. Bc4 h6 10. h3 Be7 11. Be3 Be6 12. Qe2 O-O 13. Ba6 d5 14. exd5 cxd5
15. Bd2 Qd6 16. a3 d4 17. Na2 Qb6 18. Bb4 Bxb4 19. Nxb4 e4 20. Rfe1 Rab8 21.
Rad1 Rfd8 22. b3 Rd6 23. Bc4 Bxc4 24. Qxc4 Rbd8 25. Re2 a5 26. Na2 d3 27. cxd3
Rd4 28. Qc2 exd3 0-1

[Event "IX American Continental Classical Championship 201"]
[Site "Hotel Pipa AtlÃ¢ntico - Praia da Pipa - Rio Grande"]
[Date "2014.10.23"]
[Round "8"]
[Board "68"]
[White "Pereira, Henry Alberto"]
[Black "Gomes, Marco Tulio"]
[Result "1-0"]
[WhiteElo "1995"]
[BlackElo "1880"]
[PlyCount "53"]
[EventDate "2014.10.18"]
[EventRounds "11"]
[EventCountry "BRA"]

1. b3 Nf6 2. Bb2 g6 3. e4 d6 4. f4 Bg7 5. Be2 O-O 6. Bf3 c5 7. Na3 Nc6 8. Nc4
Be6 9. Ne2 d5 10. exd5 Nxd5 11. Bxg7 Kxg7 12. O-O Qc7 13. Qc1 Rad8 14. Qb2+ f6
15. Rfe1 Bf7 16. Be4 e6 17. g4 b5 18. Na3 b4 19. Nc4 Bg8 20. g5 Qe7 21. Ng3 Nd4
22. f5 Rde8 23. Bxd5 Qf7 24. fxe6 Qe7 25. Ne2 Nxe6 26. Nf4 Qd7 27. gxf6+ 1-0

[Event "IX American Continental Classical Championship 201"]
[Site "Hotel Pipa AtlÃ¢ntico - Praia da Pipa - Rio Grande"]
[Date "2014.10.23"]
[Round "8"]
[Board "69"]
[White "Bulgarini Torre, Marco"]
[Black "Vasconcelos, Paulo Cesar Da S."]
[Result "1/2-1/2"]
[WhiteElo "1978"]
[BlackElo "1844"]
[PlyCount "61"]
[EventDate "2014.10.18"]
[EventRounds "11"]
[EventCountry "BRA"]

1. e4 c5 2. Nc3 Nc6 3. g3 e6 4. Bg2 Nge7 5. Nge2 d5 6. exd5 exd5 7. d4 cxd4 8.
Nxd4 Nxd4 9. Qxd4 Be6 10. Be3 Nc6 11. Qa4 Bb4 12. O-O Bxc3 13. bxc3 O-O 14.
Rad1 Qf6 15. Bd4 Nxd4 16. Rxd4 Rfc8 17. Qb4 b6 18. Rfd1 Qf5 19. R1d2 Rc5 20. c4
Qe5 21. Rd1 Qe2 22. Qd2 Qxd2 23. R1xd2 Kf8 24. cxd5 Bd7 25. f4 Rac8 26. Be4 Ke7
27. d6+ Kf6 28. Kf2 Rc3 29. Bd3 Bc6 30. Ke2 Rd8 31. g4 1/2-1/2

[Event "IX American Continental Classical Championship 201"]
[Site "Hotel Pipa AtlÃ¢ntico - Praia da Pipa - Rio Grande"]
[Date "2014.10.23"]
[Round "8"]
[Board "70"]
[White "Ribeiro, Jose Joselito"]
[Black "Maracaba, Francisco Wladimir G"]
[Result "1-0"]
[WhiteElo "1733"]
[BlackElo "1957"]
[PlyCount "149"]
[EventDate "2014.10.18"]
[EventRounds "11"]
[EventCountry "BRA"]

1. e4 g6 2. d4 Bg7 3. Nf3 d6 4. Bc4 Nf6 5. Nc3 O-O 6. O-O Bg4 7. h3 Bxf3 8.
Qxf3 Nc6 9. Qd1 Nxe4 10. Nxe4 d5 11. Be2 dxe4 12. c3 Kh8 13. f3 exf3 14. Bxf3
Qd6 15. Be3 Rad8 16. Qa4 a5 17. Qb5 Rb8 18. Rae1 Rfe8 19. Bd1 Kg8 20. Bf4 e5
21. Bg3 Ne7 22. dxe5 Qd5 23. Qa4 Qc6 24. Qxa5 Ra8 25. Qb4 Nd5 26. Qb3 Re7 27.
Bf3 Qb6+ 28. Qxb6 Nxb6 29. a3 c6 30. Bd1 Nc4 31. Bh4 Rxe5 32. Rxe5 Nxe5 33. Bb3
Kf8 34. Bg3 f5 35. Re1 Re8 36. Rd1 Bh6 37. Bf2 Bg5 38. Kf1 Rd8 39. Bc5+ Ke8 40.
Bd4 Nf7 41. Re1+ Kf8 42. a4 Nd6 43. Bc2 Re8 44. Bc5 Rxe1+ 45. Kxe1 Bf4 46. Ke2
Kg7 47. Bd4+ Kf8 48. Bb3 Ne4 49. Be6 Bc1 50. b3 Bb2 51. Kd3 Bxc3 52. Bxf5 gxf5
53. Bxc3 Nxc3 54. Kxc3 Ke7 55. Kd4 Kd6 56. b4 h6 57. a5 h5 58. g3 Ke6 59. Kc5
Ke5 60. h4 Ke4 61. Kb6 Kf3 62. Kxb7 Kxg3 63. a6 f4 64. a7 f3 65. a8=Q f2 66.
Qf8 Kg2 67. Qg7+ Kh1 68. Qf6 Kg2 69. Kxc6 f1=Q 70. Qxf1+ Kxf1 71. b5 Kg2 72. b6
Kh3 73. b7 Kxh4 74. b8=Q Kh3 75. Qf4 1-0

[Event "IX American Continental Classical Championship 201"]
[Site "Hotel Pipa AtlÃ¢ntico - Praia da Pipa - Rio Grande"]
[Date "2014.10.23"]
[Round "8"]
[Board "71"]
[White "Lopes Silva, Luiz Eduardo"]
[Black "Macedo, Alexandre Soares De"]
[Result "1/2-1/2"]
[WhiteElo "2003"]
[BlackElo "1854"]
[PlyCount "119"]
[EventDate "2014.10.18"]
[EventRounds "11"]
[EventCountry "BRA"]

1. e4 c6 2. d4 d5 3. exd5 cxd5 4. Bd3 Nc6 5. c3 Nf6 6. Bf4 Bg4 7. Qb3 Na5 8.
Qa4+ Bd7 9. Bb5 a6 10. Bxd7+ Nxd7 11. Nf3 b5 12. Qc2 e6 13. Nbd2 Nb6 14. Ne5
Bd6 15. Ndf3 f6 16. Nd3 Bxf4 17. Nxf4 Qd6 18. Nd3 Nd7 19. O-O Kf7 20. Rfe1 Rae8
21. a4 Nc6 22. axb5 axb5 23. b4 e5 24. dxe5 fxe5 25. Ng5+ Kg8 26. Qb3 h6 27.
Ne4 Qe6 28. Nec5 Qf7 29. Nxd7 Qxd7 30. Nc5 Qf7 31. Ra6 Rc8 32. Rea1 Kh7 33.
Qc2+ g6 34. Qe2 Rhf8 35. R1a2 d4 36. Rb6 dxc3 37. Rb7 Ne7 38. Raa7 Rce8 39. f3
Kg8 40. Qc2 e4 41. Nxe4 Qe6 42. Qxc3 Rf5 43. Qd2 g5 44. Qa2 Rd5 45. Rd7 Kf8 46.
Rxd5 Nxd5 47. Ra6 Qe5 48. Qf2 Rc8 49. Nc5 Nxb4 50. Nd7+ Ke7 51. Nxe5 Rc1+ 52.
Qf1 Rxf1+ 53. Kxf1 Nxa6 54. Ke2 Ke6 55. Nd3 Kd5 56. Kd2 Kd4 57. f4 Nc7 58. f5
Nd5 59. g4 Nf6 60. h3 1/2-1/2

[Event "IX American Continental Classical Championship 201"]
[Site "Hotel Pipa AtlÃ¢ntico - Praia da Pipa - Rio Grande"]
[Date "2014.10.23"]
[Round "8"]
[Board "72"]
[White "Bortoloso, Moacir Canella"]
[Black "Ferreira, Jose Carlos"]
[Result "1-0"]
[WhiteElo "2190"]
[BlackElo "1884"]
[PlyCount "109"]
[EventDate "2014.10.18"]
[EventRounds "11"]
[EventCountry "BRA"]

1. e4 c5 2. Nf3 e6 3. d4 cxd4 4. Nxd4 a6 5. c4 Nf6 6. Nc3 d6 7. Be2 Qc7 8. Be3
b6 9. f3 Nbd7 10. Rc1 Bb7 11. O-O Be7 12. Kh1 O-O 13. b4 Rac8 14. Qb3 Rfe8 15.
Rfd1 Qb8 16. Bg1 g6 17. Bf1 h5 18. Rc2 g5 19. Qb1 Ne5 20. Qc1 Nfd7 21. Na4 Nc6
22. a3 Nxd4 23. Bxd4 Bc6 24. Nb2 f6 25. h4 Nf8 26. Be3 Nh7 27. Qd2 Qb7 28. Qf2
b5 29. Rcd2 Bf8 30. Bd3 Rc7 31. Bc2 Rg7 32. Bb3 Kh8 33. Bb6 g4 34. Bc2 Be7 35.
c5 d5 36. Rd4 gxf3 37. Qxf3 Reg8 38. R1d2 Rg4 39. Qf2 e5 40. Rxd5 Bxd5 41. exd5
Rf4 42. Qe2 Rxh4+ 43. Kg1 Rhg4 44. Qd3 Bf8 45. Qxh7+ Qxh7 46. Bxh7 Kxh7 47. d6
Bh6 48. Rc2 Be3+ 49. Kf1 Rf4+ 50. Ke1 Re4 51. Kf1 Rgg4 52. Nd3 Rh4 53. Nf2 Rd4
54. g3 Rh2 55. Kg1 1-0

[Event "IX American Continental Classical Championship 201"]
[Site "Hotel Pipa AtlÃ¢ntico - Praia da Pipa - Rio Grande"]
[Date "2014.10.23"]
[Round "8"]
[Board "73"]
[White "Cella, Glaucio Dalla Cortt"]
[Black "Da Silva, Antonio Dutra"]
[Result "1-0"]
[WhiteElo "2033"]
[BlackElo "1747"]
[PlyCount "49"]
[EventDate "2014.10.18"]
[EventRounds "11"]
[EventCountry "BRA"]

1. e4 c5 2. Nf3 Nc6 3. c3 d5 4. exd5 Qxd5 5. Na3 Nf6 6. d4 e5 7. Nb5 Qd8 8.
dxe5 Qxd1+ 9. Kxd1 Ng4 10. Ke1 Kd8 11. Bg5+ Be7 12. Rd1+ Bd7 13. Nd6 Ncxe5 14.
Nxe5 Nxe5 15. Nxb7+ Ke8 16. Bxe7 Kxe7 17. Nxc5 Bc6 18. f3 Rhe8 19. Kf2 Kf8 20.
Be2 Re7 21. Rhe1 Rae8 22. b4 Ng6 23. b5 Ba8 24. Bf1 Ne5 25. Rxe5 1-0

[Event "IX American Continental Classical Championship 201"]
[Site "Hotel Pipa AtlÃ¢ntico - Praia da Pipa - Rio Grande"]
[Date "2014.10.23"]
[Round "8"]
[Board "74"]
[White "Gomes, Jose Murilo"]
[Black "Barreto Junior, Williem Silva"]
[Result "1/2-1/2"]
[WhiteElo "1864"]
[BlackElo "2006"]
[PlyCount "23"]
[EventDate "2014.10.18"]
[EventRounds "11"]
[EventCountry "BRA"]

1. e4 d6 2. d4 Nf6 3. Nc3 g6 4. f3 c6 5. Be3 Nbd7 6. Qd2 b5 7. g4 Nb6 8. h4 h5
9. g5 Nh7 10. a4 b4 11. Nd1 a5 12. c3 1/2-1/2

[Event "IX American Continental Classical Championship 201"]
[Site "Hotel Pipa AtlÃ¢ntico - Praia da Pipa - Rio Grande"]
[Date "2014.10.23"]
[Round "8"]
[Board "76"]
[White "Dantas, Rhuan De Araujo"]
[Black "Rapouso, Ricardo Luis Borba"]
[Result "0-1"]
[WhiteElo "1719"]
[BlackElo "1934"]
[PlyCount "87"]
[EventDate "2014.10.18"]
[EventRounds "11"]
[EventCountry "BRA"]

1. e4 c5 2. Nf3 g6 3. Nc3 Bg7 4. Bc4 e6 5. O-O a6 6. a4 Nc6 7. d3 Nge7 8. Re1
O-O 9. Bg5 f6 10. Be3 d5 11. exd5 exd5 12. Ba2 b6 13. Qd2 Nb4 14. Bf4 Nxa2 15.
Rxa2 Nf5 16. d4 g5 17. Bg3 g4 18. Nh4 Nxd4 19. Ne2 Nxe2+ 20. Rxe2 f5 21. f4 d4
22. Ra1 Bf6 23. Qe1 Ra7 24. Bf2 Rg7 25. g3 Bxh4 26. gxh4 g3 27. Bxg3 Qxh4 28.
Kf2 Qf6 29. Qh1 Bb7 30. Qf1 Be4 31. Rd2 h5 32. Qh3 h4 33. Bxh4 Qh6 34. Qb3+ Kh8
35. Bg3 Rxg3 36. Qxg3 Rg8 37. Qxg8+ Kxg8 38. Rg1+ Kf7 39. Kg3 c4 40. h4 d3 41.
cxd3 Bxd3 42. b3 Qg7+ 43. Kf2 Qd4+ 44. Kg2 0-1

[Event "IX American Continental Classical Championship 201"]
[Site "Hotel Pipa AtlÃ¢ntico - Praia da Pipa - Rio Grande"]
[Date "2014.10.23"]
[Round "8"]
[Board "77"]
[White "Pinero, Ismael"]
[Black "Carneiro, Jose Gildivan"]
[Result "1-0"]
[WhiteElo "1925"]
[BlackElo "1636"]
[PlyCount "85"]
[EventDate "2014.10.18"]
[EventRounds "11"]
[EventCountry "BRA"]

1. e4 e5 2. Nf3 Nc6 3. Bb5 Nf6 4. d3 Bc5 5. c3 O-O 6. O-O d6 7. Qe2 a6 8. Ba4
b5 9. Bc2 Re8 10. Bg5 h6 11. Bh4 g5 12. Bg3 Nh5 13. Rd1 Nxg3 14. hxg3 Qf6 15.
Nbd2 Bg4 16. Nf1 Kg7 17. N1h2 Be6 18. Qd2 Bb6 19. d4 exd4 20. Nxd4 Nxd4 21.
cxd4 c6 22. f4 Bd7 23. f5 h5 24. Kh1 Rad8 25. Nf3 Kh6 26. a4 Qg7 27. axb5 cxb5
28. Rxa6 Bc7 29. e5 f6 30. e6 Bc8 31. Ra7 Re7 32. Nh4 Bb6 33. Rxe7 Qxe7 34. Ng6
Qc7 35. Qc3 d5 36. Ra1 Bb7 37. Qxc7 Bxc7 38. Bd3 Bc6 39. Rc1 Rd6 40. Ne7 Ba5
41. Nxc6 Bd2 42. Rc2 Be1 43. e7 1-0

[Event "IX American Continental Classical Championship 201"]
[Site "Hotel Pipa AtlÃ¢ntico - Praia da Pipa - Rio Grande"]
[Date "2014.10.23"]
[Round "8"]
[Board "79"]
[White "Camara, Jose Arruda"]
[Black "De Freitas, Julio Eimard"]
[Result "0-1"]
[WhiteElo "1905"]
[BlackElo "1872"]
[PlyCount "64"]
[EventDate "2014.10.18"]
[EventRounds "11"]
[EventCountry "BRA"]

1. e4 c5 2. Nf3 d6 3. c3 Nc6 4. d4 cxd4 5. cxd4 Nf6 6. Nc3 e6 7. Bd3 Be7 8. O-O
O-O 9. Bg5 h6 10. Bh4 Nxe4 11. Bxe7 Nxc3 12. Bh7+ Kh8 13. bxc3 Nxe7 14. Bc2 Qc7
15. Qd3 g6 16. h4 Bd7 17. Qd2 Kg7 18. Bd3 Qa5 19. Qb2 Bc6 20. Nd2 Qh5 21. c4 d5
22. Nf3 Kg8 23. c5 Nf5 24. Bxf5 gxf5 25. a4 Kh7 26. Ra3 Rg8 27. Re1 Rg4 28. Kh2
Rag8 29. g3 Qg6 30. Qe2 Re4 31. Qf1 Qf6 32. Ne5 Rd8 0-1

[Event "IX American Continental Classical Championship 201"]
[Site "Hotel Pipa AtlÃ¢ntico - Praia da Pipa - Rio Grande"]
[Date "2014.10.23"]
[Round "8"]
[Board "81"]
[White "Baltar, Petrov Ferreira"]
[Black "Cardoso, Almir Correia"]
[Result "0-1"]
[WhiteElo "1844"]
[BlackElo "2066"]
[PlyCount "64"]
[EventDate "2014.10.18"]
[EventRounds "11"]
[EventCountry "BRA"]

1. d4 Nf6 2. Bg5 g6 3. Bxf6 exf6 4. g3 Bg7 5. c4 O-O 6. Bg2 Re8 7. Nc3 d6 8.
Nf3 Nc6 9. O-O Bg4 10. h3 Bf5 11. Nd2 Nxd4 12. e4 Be6 13. Rc1 Qd7 14. Kh2 f5
15. b3 Bh6 16. Nd5 Bxd5 17. cxd5 fxe4 18. Nxe4 Rxe4 19. Rxc7 Qxc7 20. Bxe4 Bg7
21. Qc1 Qxc1 22. Rxc1 Re8 23. Bd3 Nf3+ 24. Kh1 Re1+ 25. Rxe1 Nxe1 26. Bb5 Kf8
27. Bd7 Ke7 28. Bc8 b6 29. Ba6 Bd4 30. Kg1 Nc2 31. a4 Nb4 32. Bc4 Kf6 0-1

[Event "IX American Continental Classical Championship 201"]
[Site "Hotel Pipa AtlÃ¢ntico - Praia da Pipa - Rio Grande"]
[Date "2014.10.23"]
[Round "8"]
[Board "82"]
[White "Feitosa, Jocelenilson Nunes"]
[Black "Rodrigues, Nei Jorge"]
[Result "0-1"]
[WhiteElo "1731"]
[BlackElo "2033"]
[PlyCount "86"]
[EventDate "2014.10.18"]
[EventRounds "11"]
[EventCountry "BRA"]

1. e3 g6 2. c4 Bg7 3. d4 d6 4. Nc3 Nf6 5. Bd3 e5 6. Nge2 Nc6 7. O-O O-O 8. b3
Nd7 9. dxe5 Ncxe5 10. Bc2 Nc5 11. Rb1 a5 12. Ba3 Na6 13. Nd4 Nb4 14. Bxb4 axb4
15. Na4 Bd7 16. f4 Bxa4 17. fxe5 dxe5 18. bxa4 exd4 19. exd4 Bxd4+ 20. Kh1 c5
21. Qf3 b6 22. Rbd1 Ra7 23. g3 Qd6 24. h4 Kg7 25. h5 f5 26. Kh2 Re7 27. Rde1
Rfe8 28. Rxe7+ Rxe7 29. Kh3 Qd7 30. Qf4 Be5 31. Qg5 Bf6 32. Qf4 Be5 33. Qg5 Bf6
34. Qf4 Re5 35. Rd1 Qe7 36. Rd5 Re2 37. Rd2 Re6 38. Rd5 Re2 39. Rd2 Re6 40. Rd5
Bg5 41. Qf3 Re3 42. Qd1 Kh6 43. Rd6 Qe5 0-1

[Event "IX American Continental Classical Championship 201"]
[Site "Hotel Pipa AtlÃ¢ntico - Praia da Pipa - Rio Grande"]
[Date "2014.10.23"]
[Round "8"]
[Board "84"]
[White "Moura, Paulo Jorge Alves B."]
[Black "Macedo, Luiz Soares De"]
[Result "1-0"]
[WhiteElo "2000"]
[BlackElo "1649"]
[PlyCount "87"]
[EventDate "2014.10.18"]
[EventRounds "11"]
[EventCountry "BRA"]

1. d4 d5 2. c4 Nf6 3. Nc3 e6 4. Bg5 Be7 5. e3 Nbd7 6. Nf3 O-O 7. Bd3 dxc4 8.
Bxc4 Nb6 9. Bd3 c6 10. O-O Nfd5 11. Bxe7 Nxe7 12. Ng5 h6 13. Qh5 Nf5 14. Nf3
Nd7 15. Qh3 Nf6 16. Rad1 Qb6 17. Rd2 Rd8 18. Rfd1 Bd7 19. e4 Ne7 20. e5 Nfd5
21. Ne2 Nf5 22. g4 Nfe7 23. Kh1 Ng6 24. Bb1 Kf8 25. g5 Ke7 26. gxh6 Rh8 27. h7
Kd8 28. Ng5 Be8 29. Bxg6 fxg6 30. Nxe6+ Ke7 31. Nc5 Bf7 32. Qh4+ Ke8 33. e6 g5
34. exf7+ Kxf7 35. Qe4 Rae8 36. Qf5+ Nf6 37. Nd7 Qd8 38. Ne5+ Kf8 39. Ng6+ Kf7
40. Nxh8+ Rxh8 41. d5 c5 42. Ng3 Rxh7 43. Ne4 Qh8 44. Nxg5+ 1-0

[Event "IX American Continental Classical Championship 201"]
[Site "Hotel Pipa AtlÃ¢ntico - Praia da Pipa - Rio Grande"]
[Date "2014.10.23"]
[Round "8"]
[Board "85"]
[White "Schuh, Astor Jose"]
[Black "Schucman, Rebeca Lot"]
[Result "1-0"]
[WhiteElo "1956"]
[BlackElo "1619"]
[PlyCount "69"]
[EventDate "2014.10.18"]
[EventRounds "11"]
[EventCountry "BRA"]

1. e4 c5 2. Nf3 g6 3. d4 cxd4 4. Qxd4 Nf6 5. Bb5 Nc6 6. Bxc6 bxc6 7. e5 Nd5 8.
c4 Nb4 9. Qc3 Qa5 10. Bd2 c5 11. e6 f6 12. exd7+ Bxd7 13. O-O Bg7 14. a3 O-O
15. Qe3 Rfe8 16. Qb3 Rab8 17. axb4 Qxa1 18. Na3 Ba4 19. Qxa4 Qxb2 20. Nb5 cxb4
21. Bxb4 Qe2 22. Bc5 a6 23. Nbd4 Qe4 24. Qxa6 e5 25. Nc6 Rb1 26. Nd2 Rxf1+ 27.
Nxf1 Bf8 28. Bxf8 Kxf8 29. Nb4 Kg7 30. Nd5 Qf5 31. h3 Re6 32. Qb7+ Kf8 33. Nfe3
Qh5 34. Qd7 Ra6 35. Qc8+ 1-0

[Event "IX American Continental Classical Championship 201"]
[Site "Hotel Pipa AtlÃ¢ntico - Praia da Pipa - Rio Grande"]
[Date "2014.10.23"]
[Round "8"]
[Board "86"]
[White "Farias, Sergio Luiz Cardoso"]
[Black "Braga, Jose Pereira"]
[Result "0-1"]
[WhiteElo "1575"]
[BlackElo "1922"]
[PlyCount "82"]
[EventDate "2014.10.18"]
[EventRounds "11"]
[EventCountry "BRA"]

1. d4 d5 2. Nf3 e6 3. c4 c5 4. e3 Nf6 5. Nc3 Nc6 6. Bd3 Bd6 7. O-O O-O 8. Re1
cxd4 9. exd4 dxc4 10. Bxc4 a6 11. Bg5 Be7 12. Rc1 h6 13. Bh4 b5 14. Bb3 Bb7 15.
a3 Na5 16. Ba2 Rc8 17. Bg3 Nc4 18. Rc2 Nxb2 19. Qe2 Nc4 20. a4 Na3 21. Rcc1
Bxf3 22. gxf3 b4 23. Nb1 Nxb1 24. Rxb1 Nd5 25. Qxa6 Ra8 26. Qc6 Nc3 27. Rb2
Nxa4 28. Rd2 Qc8 29. d5 Qxc6 30. dxc6 Nc3 31. Bc4 Rfc8 32. c7 Kf8 33. Be5 f6
34. Bg3 e5 35. Rd7 Ra7 36. Bxe5 fxe5 37. Rxe5 Rcxc7 38. Rd4 Bf6 39. Rf5 b3 40.
Bd3 b2 41. Rdf4 Ne2+ 0-1

[Event "IX American Continental Classical Championship 201"]
[Site "Hotel Pipa AtlÃ¢ntico - Praia da Pipa - Rio Grande"]
[Date "2014.10.23"]
[Round "8"]
[Board "87"]
[White "Do Nascimento, Denner Leonardo"]
[Black "De Barros E Silva, Byron Veras"]
[Result "0-1"]
[WhiteElo "1555"]
[BlackElo "1853"]
[PlyCount "90"]
[EventDate "2014.10.18"]
[EventRounds "11"]
[EventCountry "BRA"]

1. d4 f5 2. c4 Nf6 3. g3 c6 4. Bg2 d5 5. Nf3 e6 6. O-O Be7 7. c5 O-O 8. Nc3
Nbd7 9. a4 Re8 10. Bf4 Nf8 11. Be5 Ng6 12. h3 Ne4 13. e3 Rf8 14. Ne2 Qa5 15.
Qe1 Qd8 16. b4 Bd7 17. Nc3 h6 18. a5 a6 19. Ne2 Bf6 20. Nf4 Kf7 21. Nxg6 Kxg6
22. Bf4 Kh7 23. Ne5 Be8 24. g4 Bxe5 25. Bxe5 fxg4 26. Bxe4+ dxe4 27. hxg4 Rf3
28. Kg2 Qh4 29. Rh1 Qxg4+ 30. Bg3 g5 31. Qg1 h5 32. Kf1 Kg6 33. Be5 Qf5 34. Ke2
Rd8 35. Qh2 Kh6 36. Bd6 Qd5 37. Rad1 Qf5 38. Rdg1 Qd5 39. Rd1 h4 40. Bg3 Bh5
41. Ke1 Rdf8 42. Rd2 Qc4 43. Bf4 Qc1+ 44. Rd1 Rxe3+ 45. Bxe3 Qxd1# 0-1

[Event "IX American Continental Classical Championship 201"]
[Site "Hotel Pipa AtlÃ¢ntico - Praia da Pipa - Rio Grande"]
[Date "2014.10.23"]
[Round "8"]
[Board "90"]
[White "Vieira, Erico Vinicius Duarte"]
[Black "Feijo, Francisco Celio"]
[Result "1-0"]
[WhiteElo "1520"]
[BlackElo "1825"]
[PlyCount "85"]
[EventDate "2014.10.18"]
[EventRounds "11"]
[EventCountry "BRA"]

1. d4 Nf6 2. c4 c5 3. d5 b5 4. cxb5 a6 5. b6 g6 6. Nc3 Qxb6 7. e4 d6 8. Be2 Bg7
9. Nf3 Nbd7 10. Nd2 O-O 11. Nc4 Qc7 12. Bf4 Ne8 13. O-O Nb6 14. Ne3 Nf6 15. a4
a5 16. Nb5 Qb8 17. Qc2 Bd7 18. Rab1 Rc8 19. b3 Ne8 20. Bg5 Nc7 21. Na3 Re8 22.
Nac4 Na6 23. Nxb6 Qxb6 24. Bxa6 Qxa6 25. Nc4 Qb7 26. Qd2 Qc7 27. f4 Bd4+ 28.
Kh1 e6 29. Rbe1 h6 30. Bxh6 exd5 31. exd5 Qb7 32. Rxe8+ Bxe8 33. Rf3 Qc7 34. f5
f6 35. fxg6 Bxg6 36. Rg3 Kf7 37. Bf4 Be5 38. Bxe5 fxe5 39. Qg5 Rg8 40. h4 Bh7
41. Qh5+ Bg6 42. Qf3+ Ke8 43. Qf6 1-0

[Event "IX American Continental Classical Championship 201"]
[Site "Hotel Pipa AtlÃ¢ntico - Praia da Pipa - Rio Grande"]
[Date "2014.10.23"]
[Round "8"]
[Board "93"]
[White "Dantas, Isaac Pereira"]
[Black "Felix, Dieggo Guerra"]
[Result "0-1"]
[WhiteElo "1633"]
[BlackElo "1656"]
[PlyCount "48"]
[EventDate "2014.10.18"]
[EventRounds "11"]
[EventCountry "BRA"]

1. d4 Nf6 2. Nf3 e6 3. c4 b6 4. Nc3 Bb7 5. Bf4 Bb4 6. Qc2 O-O 7. a3 Bxc3+ 8.
bxc3 d6 9. h3 Nbd7 10. e3 Re8 11. Bd3 h6 12. Kd2 e5 13. dxe5 dxe5 14. Bxh6 gxh6
15. Bf5 Nc5+ 16. Kc1 Be4 17. Bxe4 Nfxe4 18. Rd1 Qf6 19. Kb2 Rad8 20. Rd5 c6 21.
Rxd8 Rxd8 22. Rd1 Rxd1 23. Qxd1 Nxf2 24. Qd2 Nfd3+ 0-1

[Event "IX American Continental Classical Championship 201"]
[Site "Hotel Pipa AtlÃ¢ntico - Praia da Pipa - Rio Grande"]
[Date "2014.10.24"]
[Round "9"]
[Board "1"]
[White "Shabalov, Alexander"]
[Black "Bruzon Batista, Lazaro"]
[Result "1/2-1/2"]
[WhiteElo "2499"]
[BlackElo "2679"]
[PlyCount "21"]
[EventDate "2014.10.18"]
[EventRounds "11"]
[EventCountry "BRA"]

1. d4 Nf6 2. c4 e6 3. Nf3 d5 4. Nc3 Be7 5. Bf4 O-O 6. e3 Nbd7 7. Be2 dxc4 8.
Bxc4 a6 9. a4 c5 10. O-O cxd4 11. Qxd4 1/2-1/2

[Event "IX American Continental Classical Championship 201"]
[Site "Hotel Pipa AtlÃ¢ntico - Praia da Pipa - Rio Grande"]
[Date "2014.10.24"]
[Round "9"]
[Board "2"]
[White "Ortiz Suarez, Isan Reynaldo"]
[Black "Granda Zuniga, Julio E"]
[Result "1/2-1/2"]
[WhiteElo "2611"]
[BlackElo "2674"]
[PlyCount "83"]
[EventDate "2014.10.18"]
[EventRounds "11"]
[EventCountry "BRA"]

1. e4 e5 2. Nf3 Nc6 3. Bb5 Nf6 4. d3 Bc5 5. Bxc6 dxc6 6. Nbd2 Be6 7. O-O Nd7 8.
Nb3 Be7 9. d4 f6 10. Be3 O-O 11. Na5 Rb8 12. Qd2 c5 13. dxe5 Nxe5 14. Nxe5 Qxd2
15. Bxd2 fxe5 16. b3 Bd6 17. Bc3 Rfe8 18. Rfd1 Bf7 19. a4 a6 20. Nc4 Bxc4 21.
bxc4 b6 22. Rd5 Kf7 23. Kf1 Ke6 24. Rad1 g5 25. Ke2 g4 26. R5d3 Rf8 27. Bd2 Rf6
28. h3 Rbf8 29. Be3 gxh3 30. g3 Rg6 31. Rh1 Rg4 32. Rc3 b5 33. axb5 axb5 34.
cxb5 Rxe4 35. Rxh3 Rf7 36. Rh6+ Rf6 37. Rxf6+ Kxf6 38. Rd3 Ke6 39. Rd1 Rb4 40.
Rh1 Kd5 41. Rxh7 Rb2 42. Kd2 1/2-1/2

[Event "IX American Continental Classical Championship 201"]
[Site "Hotel Pipa AtlÃ¢ntico - Praia da Pipa - Rio Grande"]
[Date "2014.10.24"]
[Round "9"]
[Board "4"]
[White "Terry, Renato"]
[Black "Leitao, Rafael"]
[Result "0-1"]
[WhiteElo "2454"]
[BlackElo "2636"]
[PlyCount "77"]
[EventDate "2014.10.18"]
[EventRounds "11"]
[EventCountry "BRA"]

1. d4 Nf6 2. Nf3 e6 3. c4 b6 4. g3 Ba6 5. Qa4 Bb7 6. Bg2 c5 7. O-O cxd4 8. Nxd4
Bxg2 9. Kxg2 Be7 10. Nc3 O-O 11. Rd1 Qc7 12. Bf4 Qb7+ 13. f3 a6 14. e4 d6 15.
Nde2 Rd8 16. Rd2 Nc6 17. Rad1 Ne8 18. Qc2 b5 19. cxb5 axb5 20. b3 Rdc8 21. Qd3
b4 22. Na4 g5 23. Be3 Ne5 24. Qb1 g4 25. Ng1 Nf6 26. Rd4 d5 27. exd5 Nxd5 28.
Qe4 Nxe3+ 29. Qxe3 Bf6 30. Rf4 Bg7 31. Qe4 Qxe4 32. fxe4 Bh6 33. Rf2 Be3 34.
Re2 Ba7 35. Rb2 Rd8 36. Rxd8+ Rxd8 37. Rc2 Rd1 38. Nc5 Nd3 39. Nxd3 0-1

[Event "IX American Continental Classical Championship 201"]
[Site "Hotel Pipa AtlÃ¢ntico - Praia da Pipa - Rio Grande"]
[Date "2014.10.24"]
[Round "9"]
[Board "6"]
[White "Felgaer, Ruben"]
[Black "Martinez Alcantara, Jose Eduar"]
[Result "1-0"]
[WhiteElo "2577"]
[BlackElo "2440"]
[PlyCount "83"]
[EventDate "2014.10.18"]
[EventRounds "11"]
[EventCountry "BRA"]

1. e4 e6 2. d4 d5 3. Nc3 Nf6 4. Bg5 Bb4 5. e5 h6 6. Be3 Ne4 7. Qg4 g6 8. a3
Bxc3+ 9. bxc3 Nxc3 10. Bd3 b6 11. h4 Ba6 12. h5 g5 13. f4 Bxd3 14. cxd3 gxf4
15. Qg7 Ke7 16. Bd2 Na4 17. Qf6+ Kd7 18. Qxf7+ Qe7 19. Qxe7+ Kxe7 20. Ne2 Nc6
21. O-O Rag8 22. Rxf4 Rg7 23. Rf6 Rhg8 24. g3 Nb2 25. Bxh6 Rh7 26. Raf1 Nd8 27.
R1f3 Rg4 28. Kg2 c5 29. Kh3 Rg8 30. g4 c4 31. dxc4 Nxc4 32. Kh4 Nf7 33. Bc1
Ncxe5 34. dxe5 Nxe5 35. g5 Nxf3+ 36. Rxf3 e5 37. Rf5 Kd6 38. Rf6+ Kc5 39. g6
Rd7 40. h6 d4 41. Ng3 d3 42. Kh5 1-0